000
00303nam a2200133 a 4500
001
5625
003
CDMR
005
20130724130148.0
008
130130s1971||||||||||||||||||||||||||||d
040
_a
CDMR
_b
cat
_c
CPC GIRONA
245
0
_a
Tics del paĆs
_c
Cesc
260
_c
1971
_b
Edicions 62
942
_c
MON
_2
udc
999
_c
5625
_d
5625